<?xml version="1.0" encoding="UTF-8"?>
<marc:record xmlns:marc="http://www.loc.gov/MARC21/slim">
   <marc:leader>00000nam a2200000 a 4500</marc:leader>
   <marc:datafield ind1="1" ind2=" " tag="100">
      <marc:subfield code="a">Droop, Constanza</marc:subfield>
      <marc:subfield code="4">aut</marc:subfield>
      <marc:subfield code="e">Verfasser/-in</marc:subfield>
   </marc:datafield>
   <marc:datafield ind1=" " ind2=" " tag="653">
      <marc:subfield code="a">Antolin</marc:subfield>
   </marc:datafield>
   <marc:datafield ind1=" " ind2=" " tag="653">
      <marc:subfield code="a">Jahreszeiten</marc:subfield>
   </marc:datafield>
   <marc:datafield ind1=" " ind2=" " tag="653">
      <marc:subfield code="a">Sachbilderbuch</marc:subfield>
   </marc:datafield>
   <marc:datafield ind1=" " ind2=" " tag="653">
      <marc:subfield code="a">Jahreszeit</marc:subfield>
   </marc:datafield>
   <marc:datafield ind1="0" ind2="0" tag="245">
      <marc:subfield code="a">Die Jahreszeiten</marc:subfield>
   </marc:datafield>
   <marc:datafield ind1="0" ind2="0" tag="245">
      <marc:subfield code="c">Constanza Droop. Constanza Droop</marc:subfield>
   </marc:datafield>
   <marc:datafield ind1=" " ind2="1" tag="264">
      <marc:subfield code="b">Ravensburger Buchverl.</marc:subfield>
      <marc:subfield code="c">2005</marc:subfield>
   </marc:datafield>
   <marc:datafield ind1="1" ind2=" " tag="490">
      <marc:subfield code="a">Wieso? Weshalb? Warum? Junior</marc:subfield>
   </marc:datafield>
   <marc:datafield ind1="1" ind2=" " tag="520">
      <marc:subfield code="a">Anhand eines aufklappbaren Baumes werden die 4 Jahreszeiten demonstriert, umgeben von Bildern mit für die jeweilige Zeit typischen Tätigkeiten (Blumenpflanzen, Schneeballschlacht etc.). Auf jeweils einer Doppelseite werden dann die einzelnen Jahreszeiten mit ihren charakteristischen Pflanzen und Tieren vorgestellt. An 4 Kindern kann man unterschiedliche Kleidung je nach Wetterlage durch Klappen ausprobieren (problematisch, da sehr schadensanfällig). Familie Sonnenschein in ihrem Jahreszeitenhaus lässt Leser/-innen ab ca. 3 Jahren die Erlebnisse und die Entwicklung der dargestellten Kinder innerhalb eines Jahres nachvollziehen. Das Jahreszeitenrad suggeriert durch die Farbgebung und den Zuschnitt der Drehscheibe, dass jede Jahreszeit aus vollen 3 Monaten besteht und nicht mitten im Monat beginnt und endet (z.B. Dezember, Januar, Februar). Insgesamt ein schwächerer Titel der erfolgreichen Reihe. Die farbenfrohen Illustrationen sprechen Kinder zwar an, doch der Text beantwortet die gestellten Fragen nicht oder nur unzureichend. Vorzuziehen ist Erich Jooß' "12 Monate hat das Jahr" (BA 9/92) u.a. . - Warum gibt es die Jahreszeiten und was tun wir im Laufe eines Jahres? Ostereierfärben, Kofferpacken, Laternenumzug und Weihnachtsbaumschmücken - jede Jahreszeit bringt ihre eigenen schönen Dinge mit sich ... Ab 3.</marc:subfield>
   </marc:datafield>
   <marc:datafield ind1=" " ind2=" " tag="020">
      <marc:subfield code="a">9783473327300</marc:subfield>
      <marc:subfield code="9">9783473327300</marc:subfield>
   </marc:datafield>
   <marc:datafield ind1=" " ind2=" " tag="041">
      <marc:subfield code="a">ger</marc:subfield>
   </marc:datafield>
   <marc:datafield ind1=" " ind2=" " tag="300">
      <marc:subfield code="a">16 ungezählte Seiten</marc:subfield>
   </marc:datafield>
</marc:record>
